000 00682nam a2200217 i 4500
001 130185
003 ES-MaACL
005 20231027063026.0
007 t|
008 070723q1958 sp |||| | spa d
080 _a821.112.2(436)-32"19"
100 1 _aZweig, Stefan,
_d1881-1942
_9118562
245 1 0 _aSendas equívocas /
_cStefan Zweig ; [traducción autorizada de J. Ferrán Mayoral].
260 _aBarcelona :
_bMateu,
_c[ca. 1958] (
_fGráf. Londres)
300 _a198 p. ;
_c22 cm.
490 1 _aLa hoja perenne
700 1 _aFerrán y Mayoral, José.
_950250
830 1 _aLa hoja perenne
_9181731
852 4 _aES-MaACL
_jF-16212
999 _c130185
_d130185